Design and protect (Record no. 75791)
[ view plain ]
| 000 -LEADER | |
|---|---|
| fixed length control field | 01272cab a2200193 4500 |
| 001 - CONTROL NUMBER | |
| control field | L130786 |
| 008 - FIXED-LENGTH DATA ELEMENTS--GENERAL INFORMATION | |
| fixed length control field | 050830n2005 000 0 eng u |
| 035 ## - SYSTEM CONTROL NUMBER | |
| System control number | (Sirsi) u130786 |
| 041 ## - LANGUAGE CODE | |
| Language code of text/sound track or separate title | eng |
| 100 1# - MAIN ENTRY--PERSONAL NAME | |
| Personal name | Jansen, Mark |
| 245 00 - TITLE STATEMENT | |
| Title | Design and protect |
| 260 ## - PUBLICATION, DISTRIBUTION, ETC. | |
| Date of publication, distribution, etc. | 2005 |
| 490 #0 - SERIES STATEMENT | |
| Series statement | Property Week |
| Volume/sequential designation | 70(34) 26 August 2005, 67-68(2) |
| 520 ## - SUMMARY, ETC. | |
| Summary, etc. | Examines changes that could be made to building design in light of the recent terrorist attacks on London and New York. One possible change due to the events of 9/11 is the widening of staircases to allow staff to be evacuated down and firefighters to make their way to where they are required. Includes details of additions costs incurred and losses in rental revenue due to these changes. This consultation on Part B of the Building Regulations runs until 18 November 2005. However it is voiced that in the UK tall buildings have special lifts built exclusively for firefighters. Also discusses changes in fire testing of materials, different methods that could be employed to strengthen a building should it be attacked and entry-control systems. |
| 590 ## - LOCAL NOTE (RLIN) | |
| Local note | IKA300805 |
| 650 24 - SUBJECT ADDED ENTRY--TOPICAL TERM | |
| Topical term or geographic name entry element | BUILDING REGULATIONS 2000 APPROVED DOCUMENT B (2002 EDITION) |
| 690 ## - LOCAL SUBJECT ADDED ENTRY--TOPICAL TERM (OCLC, RLIN) | |
| Topical term or geographic name as entry element | MANAGEMENT-HEALTH AND SAFETY-FIRE SAFETY |
| 942 ## - ADDED ENTRY ELEMENTS (KOHA) | |
| Suppress in OPAC | 0 |
| Withdrawn status | Lost status | Source of classification or shelving scheme | Damaged status | Not for loan | Home library | Current library | Shelving location | Date acquired | Total Checkouts | Full call number | Barcode | Date last seen | Copy number | Price effective from | Koha item type |
|---|---|---|---|---|---|---|---|---|---|---|---|---|---|---|---|
| Dewey Decimal Classification | London | London | Journal article | 30/08/2005 | L130786 | 130786-1001 | 06/08/2019 | 1 | 06/08/2019 | Journal article |